000 00518nam a2200181Ia 4500
999 _c28640
_d28640
003 OSt
005 20210107092132.0
008 190216s9999||||xx |||||||||||||| ||und||
020 _a9788188582228
040 _coclc
082 _a894.812301
_bSAN/M
100 _aSanthakumar, C G
_98211
245 0 _aMuthachan Paranja Katha /
_cC G Santhakumar
260 _bGreen Books,
_aThrissur:
_c2003.
300 _a208p
650 _aKathakal
942 _cBK
_2ddc
_h894.812301
_iSAN/M
_k894.812301
_mSAN/M